[Event "Oberliga Wuerttemberg 1718"]
[Site "Wuerttemberg"]
[Date "2017.12.10"]
[Round "5"]
[White "Stuermer, Robin Gabriel"]
[Black "Mierzwa, Robert"]
[Result "1-0"]
[WhiteElo "2189"]
[BlackElo "1941"]
[PlyCount "59"]
[EventDate "2017.09.17"]
[EventType "team-tourn"]
[EventRounds "9"]
[EventCountry "GER"]
[SourceTitle "EXT 2019"]
[Source "ChessBase"]
[SourceDate "2018.10.10"]
[SourceVersion "1"]
[SourceVersionDate "2018.10.10"]
[SourceQuality "1"]
[WhiteTeam "Heilbronn"]
[BlackTeam "Ulm Weisse Dame"]
[WhiteTeamCountry "GER"]
[BlackTeamCountry "GER"]

1. d4 Nf6 2. c4 g6 3. Nc3 d5 4. e3 Bg7 5. Qb3 c6 6. Nf3 0-0 7. Bd2 e6 8. Bd3 Nbd7 9. cxd5 exd5 10. 0-0 Re8 11. Rfc1 Ne4 12. Be1 f5 13. a4 Kh8 14. a5 g5 15. a6 g4 16. axb7 Bxb7 17. Qxb7 gxf3 18. gxf3 Ndc5 19. dxc5 Nxc5 20. Qxc6 Nxd3 21. Rd1 Nxe1 22. Rxe1 Rg8 23. Kh1 Qh4 24. Qxd5 Qxf2 25. Re2 Qh4 26. Qxf5 Raf8 27. Qd5 Rd8 28. Qc6 Qh5 29. Rxa7 Bxc3 30. Qxc3+ 1-0

[Event "GER-ch U18"]
[Site "Willingen"]
[Date "2016.05.15"]
[Round "2"]
[White "Reitz, Philipp"]
[Black "Mierzwa, Robert"]
[Result "1-0"]
[WhiteElo "1831"]
[BlackElo "1976"]
[PlyCount "89"]
[EventDate "2016.05.15"]
[EventType "swiss"]
[EventRounds "9"]
[EventCountry "GER"]
[SourceTitle "CBM 172 Extra"]
[Source "ChessBase"]
[SourceDate "2016.06.21"]
[SourceVersion "1"]
[SourceVersionDate "2016.06.21"]
[SourceQuality "1"]

1. c4 c5 2. Nc3 Nc6 3. g3 g6 4. Bg2 Bg7 5. d3 d6 6. Nf3 e6 7. 0-0 Nge7 8. Bd2 0-0 9. a3 b6 10. b4 cxb4 11. axb4 Nxb4 12. Qa4 Nbc6 13. Nd4 Bxd4 14. Bxc6 Rb8 15. Bg2 a5 16. Rab1 Bg7 17. Qb3 Bd7 18. Bf4 Bc6 19. Ne4 Nf5 20. Qa3 e5 21. Bg5 f6 22. Bxf6 Bxf6 23. Nxf6+ Qxf6 24. Bxc6 Nd4 25. Bd5+ Kg7 26. e3 Nc2 27. Qa4 Nb4 28. Qd7+ Kh8 29. Be4 Rf7 30. Qb5 Rc7 31. f4 exf4 32. Rxf4 Qc3 33. Rd1 Qc2 34. Rff1 Qe2 35. Rde1 Qd2 36. Qg5 Qc3 37. d4 Qxc4 38. Qf6+ Kg8 39. Qxd6 b5 40. Rf2 Qc3 41. Ref1 Rcc8 42. Bd5+ Nxd5 43. Qxd5+ Kh8 44. Qe5+ Kg8 45. Rf7 1-0

[Event "GER-ch U12"]
[Site "Oberhof"]
[Date "2010.05.28"]
[Round "9"]
[White "Bykov, Ilya"]
[Black "Mierzwa, Robert"]
[Result "1-0"]
[WhiteElo "1477"]
[BlackElo "1345"]
[PlyCount "95"]
[EventDate "2010.05.22"]
[EventType "swiss"]
[EventRounds "11"]
[EventCountry "GER"]
[SourceTitle "CBM 136 Extra"]
[Source "ChessBase"]
[SourceDate "2010.07.02"]
[SourceVersion "2"]
[SourceVersionDate "2010.07.15"]
[SourceQuality "1"]

1. e4 e6 2. d4 d5 3. e5 c5 4. c3 Qb6 5. Nf3 Bd7 6. a4 Nc6 7. Be2 Nge7 8. dxc5 Qxc5 9. Be3 Qa5 10. 0-0 Nf5 11. Bd4 Be7 12. Nbd2 0-0 13. Nb3 Qc7 14. Rc1 Rac8 15. Re1 f6 16. exf6 Bxf6 17. Bxf6 Rxf6 18. c4 Qd6 19. cxd5 Qxd5 20. Qxd5 exd5 21. Nc5 Rc7 22. Nd3 Rc8 23. Nf4 d4 24. Bc4+ Kf8 25. Ne6+ Bxe6 26. Bxe6 Re8 27. Bxf5 Rxf5 28. Red1 Rd5 29. h4 h6 30. Rd3 Re2 31. b3 Re7 32. Rcd1 Red7 33. g4 g6 34. Kg2 Kg7 35. Kg3 Kf6 36. Kf4 Ke6 37. Ke4 Kf6 38. Nxd4 Re5+ 39. Kf3 Red5 40. g5+ hxg5 41. hxg5+ Ke5 42. Nxc6+ bxc6 43. Rxd5+ Rxd5 44. Rxd5+ Kxd5 45. Ke3 Ke5 46. b4 a6 47. a5 Kd5 48. f4 1-0

[Event "GER-ch U12"]
[Site "Oberhof"]
[Date "2010.05.28"]
[Round "10"]
[White "Mierzwa, Robert"]
[Black "Roehlich, Philipp"]
[Result "0-1"]
[WhiteElo "1345"]
[BlackElo "1690"]
[PlyCount "56"]
[EventDate "2010.05.22"]
[EventType "swiss"]
[EventRounds "11"]
[EventCountry "GER"]
[SourceTitle "CBM 136 Extra"]
[Source "ChessBase"]
[SourceDate "2010.07.02"]
[SourceVersion "2"]
[SourceVersionDate "2010.07.15"]
[SourceQuality "1"]

1. d4 Nf6 2. Nf3 d5 3. g3 c6 4. Bg2 Bf5 5. 0-0 h6 6. c4 e6 7. b3 Nbd7 8. Bb2 Be7 9. Nc3 0-0 10. Re1 Ne4 11. Nd2 Nxd2 12. Qxd2 Re8 13. e4 dxe4 14. Nxe4 Nf6 15. Rad1 Nxe4 16. Bxe4 Bxe4 17. Rxe4 Qc7 18. Re3 Bg5 19. f4 Bf6 20. Rd3 Qb6 21. Kh1 Rad8 22. d5 Bxb2 23. Qxb2 cxd5 24. cxd5 exd5 25. Rxd5 Rxd5 26. Rxd5 Qc6 27. Qg2 Re1+ 28. Qg1 Qxd5# 0-1

[Event "GER-ch U12"]
[Site "Oberhof"]
[Date "2010.05.27"]
[Round "8"]
[White "Mierzwa, Robert"]
[Black "Kluge, Leyla"]
[Result "1-0"]
[WhiteElo "1345"]
[BlackElo "1199"]
[PlyCount "137"]
[EventDate "2010.05.22"]
[EventType "swiss"]
[EventRounds "11"]
[EventCountry "GER"]
[SourceTitle "CBM 136 Extra"]
[Source "ChessBase"]
[SourceDate "2010.07.02"]
[SourceVersion "2"]
[SourceVersionDate "2010.07.15"]
[SourceQuality "1"]

1. d4 d5 2. Nf3 Nf6 3. g3 g6 4. Bg2 Bg7 5. 0-0 0-0 6. c4 e6 7. b3 b6 8. Bb2 Bb7 9. Nc3 Nbd7 10. Re1 a6 11. Nd2 Rb8 12. e4 dxe4 13. Ndxe4 Nxe4 14. Nxe4 c5 15. Rb1 Nf6 16. Nxf6+ Bxf6 17. Bxb7 Rxb7 18. dxc5 Qxd1 19. Rexd1 Bxb2 20. Rxb2 bxc5 21. Rd6 Rc8 22. Rxa6 Kf8 23. Rd2 Ke7 24. Rdd6 Rbc7 25. Kf1 Rb8 26. Ke2 Rbc8 27. f3 Rb8 28. Kd2 Rbc8 29. Kc2 Rb8 30. Rdc6 Rxc6 31. Rxc6 Ra8 32. a4 Ra5 33. Rb6 Kd7 34. Rb5 Rxb5 35. axb5 Kc7 36. Kc3 Kb6 37. b4 f5 38. bxc5+ Kxc5 39. Kd3 e5 40. h4 h6 41. Kc3 g5 42. hxg5 hxg5 43. Kd3 Kb6 44. g4 e4+ 45. fxe4 fxe4+ 46. Kxe4 Kc5 47. Kf5 Kd6 48. b6 Kc6 49. c5 Kb7 50. Kxg5 Kc6 51. Kf6 Kb7 52. g5 Kc8 53. b7+ Kxb7 54. c6+ Kxc6 55. Kf7 Kd6 56. g6 Kd7 57. g7 Kd6 58. g8Q Ke5 59. Qd8 Kf4 60. Qd5 Ke3 61. Kf6 Kf4 62. Qd4+ Kf3 63. Kg5 Ke2 64. Qc3 Kf2 65. Kg4 Ke2 66. Kf4 Kd1 67. Qb2 Ke1 68. Ke3 Kf1 69. Qf2# 1-0